Sports Quiz

Random Sports or Baseball Quiz

MLB Single Season Leaders (Pitching) Quiz Stats

 Plays Quiz not verified by Sporcle

Score 0/120 Timer 10:00
0 Plays Today
Category Player Name % Correct
ShutoutsCooper, Davenport,…
98.2%
ERAWalter Johnson
97.6%
WHIPWalter Johnson
97.6%
WinsWalter Johnson
97.6%
WinsWalter Johnson
97.6%
ShutoutsWalter Johnson
97.6%
StrikeoutsRandy Johnson
97.6%
StrikeoutsRandy Johnson
97.6%
StrikeoutsRandy Johnson
97.6%
StrikeoutsRandy Johnson
97.6%
K Per 9IPRandy Johnson
97.6%
K Per 9IPRandy Johnson
97.6%
K Per 9IPRandy Johnson
97.6%
K Per 9IPRandy Johnson
97.6%
K Per 9IPRandy Johnson
97.6%
K Per 9IPRandy Johnson
97.6%
K Per 9IPRandy Johnson
97.6%
Wins Above ReplacementWalter Johnson
97.6%
Wins Above ReplacementWalter Johnson
97.6%
WHIPPedro Martinez
95%
K/BBPedro Martinez
95%
K/BBPedro Martinez
95%
Hits Per 9IPPedro Martinez
95%
K Per 9IPPedro Martinez
95%
K Per 9IPPedro Martinez
95%
ERACy Young
94.9%
WinsCy Young
94.9%
BB Per 9IPCy Young
94.9%
Wins Above ReplacementCy Young
94.9%
StrikeoutsNolan Ryan
93.9%
StrikeoutsNolan Ryan
93.9%
StrikeoutsNolan Ryan
93.9%
Hits Per 9IPNolan Ryan
93.9%
Hits Per 9IPNolan Ryan
93.9%
ERABob Gibson
92.5%
ShutoutsBob Gibson
92.5%
Wins Above ReplacementBob Gibson
92.5%
Wins Above ReplacementBob Gibson
92.5%
ShutoutsSandy Koufax
92.1%
StrikeoutsSandy Koufax
92.1%
Category Player Name % Correct
Wins Above ReplacementSandy Koufax
92.1%
Wins Above ReplacementSandy Koufax
92.1%
WHIPGreg Maddux
91.7%
K/BBGreg Maddux
91.7%
K/BBGreg Maddux
91.7%
BB Per 9IPGreg Maddux
91.7%
SavesEric Gagne
87.1%
SavesEric Gagne
87.1%
SavesFrancisco Rodriguez
86.2%
ERAChristy Mathewson
86%
WHIPChristy Mathewson
86%
WHIPChristy Mathewson
86%
WinsChristy Mathewson
86%
WinsChristy Mathewson
86%
Innings PitchedChristy Mathewson
86%
ShutoutsChristy Mathewson
86%
BB Per 9IPChristy Mathewson
86%
BB Per 9IPChristy Mathewson
86%
SavesMariano Rivera
85.5%
SavesTrevor Hoffman
84.9%
K/BBCurt Schilling
83.8%
K/BBCurt Schilling
83.8%
Wins Above ReplacementDwight Gooden
83.5%
SavesJohn Smoltz
82.4%
WinsSmoky Joe Wood
80.1%
K Per 9IPKerry Wood
80.1%
Wins Above ReplacementWilbur Wood
80.1%
StrikeoutsBob Feller
77.8%
SavesDennis Eckersley
77.4%
Wins Above ReplacementSteve Carlton
76.8%
K/BBCliff Lee
76.3%
BB Per 9IPCliff Lee
76.3%
ERAGrover Cleveland Alexander
72.6%
WHIPGrover Cleveland Alexander
72.6%
WinsGrover Cleveland Alexander
72.6%
ShutoutsGrover Cleveland Alexander
72.6%
ShutoutsGrover Cleveland Alexander
72.6%
SavesBobby Thigpen
67.1%
ERAMordecai Brown
63.6%
WHIPMordecai Brown
63.6%
Category Player Name % Correct
K/BBBen Sheets
59.9%
WHIPEd Walsh
51.8%
WinsEd Walsh
51.8%
Innings PitchedEd Walsh
51.8%
Innings PitchedEd Walsh
51.8%
Innings PitchedEd Walsh
51.8%
ShutoutsEd Walsh
51.8%
WinsJack Chesbro
51.5%
Innings PitchedJack Chesbro
51.5%
StrikeoutsRube Waddell
46.9%
WHIPDave McNally
44.5%
Hits Per 9IPDave McNally
44.5%
ERAAddie Joss
42.5%
WHIPAddie Joss
42.5%
Hits Per 9IPSid Fernandez
40.4%
K/BBBret Saberhagen
39.5%
BB Per 9IPBret Saberhagen
39.5%
Hits Per 9IPLuis Tiant
38.8%
SavesRandy Myers
38.2%
WinsJoe McGinnity
36.9%
Innings PitchedJoe McGinnity
36.9%
Innings PitchedJoe McGinnity
36.9%
SavesRod Beck
36.6%
ShutoutsDean Chance
35.1%
ERADutch Leonard
29.2%
Hits Per 9IPDutch Leonard
29.2%
K/BBCarlos Silva
19.5%
BB Per 9IPCarlos Silva
19.5%
Innings PitchedVic Willis
16%
BB Per 9IPBob Tewksbury
15.4%
ShutoutsJack Coombs
13.6%
Hits Per 9IPEd Reulbach
13.6%
BB Per 9IPBabe Adams
11.8%
ERAJack Pfiester
9.2%
Innings PitchedDave Davenport
8.8%
ERACarl Lundgren
6.4%
Hits Per 9IPCarl Lundgren
6.4%
Hits Per 9IPTommy Byrne
5%
Innings PitchedJack Powell
4.6%
BB Per 9IPRed Lucas
2.9%

You're not logged in!

Compare scores with friends on all Sporcle quizzes.
OR
Log In

Show Comments

Extras

Top Quizzes Today


Score Distribution

Your Account Isn't Verified!

In order to create a playlist on Sporcle, you need to verify the email address you used during registration. Go to your Sporcle Settings to finish the process.

Report this User

Report this user for behavior that violates our Community Guidelines.

Details: